• 首页
  • 本馆介绍
  • 公告通知
  • 最新文献
  • 馆藏检索
  • 电子资源
  • 读者导购
  • 参考咨询
  • 我的图书馆
  • 登录
  • 详细信息显示
  • 放入我的书架
  • 预约/预借图书
  • 作者相关作品
  • 分类相关作品
  • 丛书相关作品
  • 出版社相关作品

书目信息

  • 表格格式
  • 工作单格式
  • 卡片格式
题名:
物理海洋学基础
    
 
作者: 吕华庆 主编
分册:  
出版信息: 北京   海洋出版社  2012
页数: 278页
开本: 26cm
丛书名:
单 册:
中图分类: P733
科图分类:
主题词: 海洋物理学--hai yang wu li xue--高等学校--教材
电子资源:
ISBN: 978-7-5027-8240-5
000 00898nam0 2200265 450
001 012001002689
005 20131015132112.0
010    @a978-7-5027-8240-5@dCNY48.00
099    @aCAL 012012218392
100    @a20120710d2012 em y0chiy50 ea
101 0  @achi
102    @aCN@b110000
105    @aabk a 000yy
106    @ar
200 1  @a物理海洋学基础@Awu li hai yang xue ji chu@f吕华庆主编
210    @a北京@c海洋出版社@d2012
215    @a278页@c图, 地图@d26cm
300    @a十一五浙江省重点教材建设项目
320    @a有书目 (第269-278页)
330    @a本书共分12章, 内容包括: 地球、大气层、海洋热量收支、海水的温度、盐度和密度、海水基本运动方程、湍流、混合和不稳定、海流、大洋环流、海浪等。
606 0  @a海洋物理学@Ahai yang wu li xue@x高等学校@j教材
690    @aP733@v5
701  0 @a吕华庆@Alu^ hua qing@4主编
801  0 @aCN@b北京卓展@c20191020
905    @b1205652-5@dP733@e112@f4
    
    物理海洋学基础/吕华庆主编.-北京:海洋出版社,2012
    278页:图, 地图;26cm
    十一五浙江省重点教材建设项目
    
    ISBN 978-7-5027-8240-5:CNY48.00
    本书共分12章, 内容包括: 地球、大气层、海洋热量收支、海水的温度、盐度和密度、海水基本运动方程、湍流、混合和不稳定、海流、大洋环流、海浪等。
●
相关链接 在E读中查询图书 在五车中查询图书 在当当中查询图书 在豆瓣中查询图书


正题名:物理海洋学基础     索取号:P733/112         预约/预借

序号 登录号 条形码 馆藏地/架位号 状态 备注
1 1205652   212056521   第二样本阅览室/ [索取号:P733/112] 在馆    
2 1205653   212056530   第三借阅区/ [索取号:P733/112] 在馆    
3 1205654   212056549   第三借阅区/ [索取号:P733/112] 在馆    
4 1205655   212056558   第三借阅区/ [索取号:P733/112] 在馆    
唐山师范学院图书馆 欢迎您!
大连网信软件有限公司© 版权所有